Las mocedades del Cid
Saved in:
| Hovedforfatter: | |
|---|---|
| Format: | Bog |
| Sprog: | spansk |
| Udgivet: |
Madrid
Espasa Calpe
1934
|
| Udgivelse: | 3a. ed |
| Serier: | Clásicos castellanos, 15
|
| Fag: | |
| Tags: |
Tilføj Tag
Ingen Tags, Vær først til at tagge denne postø!
|
MARC
| LEADER | 00000nam a2200000 a 4500 | ||
|---|---|---|---|
| 001 | UCQ4719 | ||
| 003 | CL-VaPUC | ||
| 008 | 980910e19340000SP |||||||||||||||||spa|d | ||
| 082 | 0 | 4 | |a 862 |b CAS |2 21 |
| 100 | 0 | |a Castro, Guillén de |e author |9 418939 | |
| 245 | 1 | 4 | |a Las mocedades del Cid |
| 250 | |a 3a. ed | ||
| 300 | |a 269 p | ||
| 942 | |c BK | ||
| 945 | |d 19980910 00:00:00 |a lriquelm | ||
| 260 | |a Madrid |b Espasa Calpe |c 1934 | ||
| 650 | 0 | |a Dramas españoles |9 267081 | |
| 650 | 0 | |a Literatura española |9 306261 | |
| 583 | |a last modification |c 19980910 00:00:00 |k Rodrigo Vera | ||
| 490 | 0 | |a Clásicos castellanos, 15 | |
| 999 | |c 275024 |d 275022 | ||
| 952 | |0 0 |1 0 |4 0 |6 862_000000000000000_CAS_1934 |7 0 |8 A |9 311532 |a BIBEDU |b BIBEDU |d 2019-11-20 |i 3025535 |o 862 CAS 1934 |p 3025535 |r 2019-11-20 |w 2019-11-20 |y BK |k LIT | ||